Business Ownership Vocab Quiz Stats

Quiz not verified by Sporcle

Challenge
Share
Tweet
Embed
Score 0/20 Timer 05:00
0 Plays Today
definition % Correct
in this type of business, two or more people jointly act as co-ownerspartnership
62.8%
when one corporation is purchased by another it is known as amerger
60.5%
shares of ownership in a companystock
48.8%
business owned and operated by only one personsole proprietorship
41.9%
the most common form of business ownership, recognized as a seperate entitycorporation
41.9%
a type of business where the owner uses the name and products of an existing business. High initial cost.franchise
34.9%
dividends are paid to this type of stock first, and usually higher dividends are paidpreferred stock
30.2%
corporations usually have this type of liabilitylimited liability
30.2%
a distribution of the profits to the stockholders of a corporationdividends
25.6%
a joined group of individuals or firms, formed to perform a specific business taskjoint venture
23.3%
definition % Correct
stock that gives voting rights, receives dividendscommon stock
23.3%
a written document that describes the company's goals and objectives, and their strategies to achieve thembusiness plan
20.9%
owner is responsible for all business debtsunlimited liability
20.9%
merger between two similar companieshorizontal merger
4.7%
merger between two companies in related businesses but in different levels of production and managementvertical merger
4.7%
In the state it was incorporated in, a corporation is known as adomestic corporation
2.3%
a merger of two completely unrelated companiesconglomerate merger
2.3%
a corporation operating outside of the state in which it was incorporatedforeign corporation
2.3%
a corporation chartered in another country but operating in the US is known as an...alien corporation
2.3%
an association of investors organized in order to provide a large amount of capital for a specific tasksyndicate
0%

You're not logged in!

Compare scores with friends on all Sporcle quizzes.
Sign Up with Email
OR
Log In

You Might Also Like...

Show Comments

Extras

Top Quizzes Today


Score Distribution

Your Account Isn't Verified!

In order to create a playlist on Sporcle, you need to verify the email address you used during registration. Go to your Sporcle Settings to finish the process.

Report this User

Report this user for behavior that violates our Community Guidelines.

Details: